000 01275cam a2200301 a 4500
999 _c23823
_d23823
001 2523187
003 OSt
005 20201019112643.0
008 930106s1994 enkab b 001 0 eng
010 _a 93018011
020 _a0854963766
040 _aMMU
_cMMU
_dMMU
_bEng
050 0 0 _aGN388
_b.K49 1994
082 0 0 _a306.3
_220
245 0 0 _aKey issues in hunter-gatherer research /
_cedited by Ernest S. Burch, Jr. and Linda J. Ellanna.
260 _aOxford [England] ;
_aProvidence :
_bBerg,
_c1994.
300 _ax, 534 p. :
_bill., maps ;
_c23 cm.
440 0 _aExplorations in anthropology
504 _aIncludes bibliographical references (p. 456-503) and indexes.
650 0 _aHunting and gathering societies.
700 1 _aBurch, Ernest S.,
_d1938-
700 1 _aEllanna, Linda J.
856 4 2 _3Contributor biographical information
_uhttp://www.loc.gov/catdir/enhancements/fy0601/93018011-b.html
856 4 2 _3Publisher description
_uhttp://www.loc.gov/catdir/enhancements/fy0601/93018011-d.html
856 4 1 _3Table of contents only
_uhttp://www.loc.gov/catdir/enhancements/fy0601/93018011-t.html
942 _2lcc
_cLOAN LOAN